000 00711nam a2200277Ia 4500
008 160803s9999 xx 000 0 und d
020 _a978-0439730174
100 _aArdagh, Philip
245 _aHeir of mystery or four legs good /
245 _cPhilip Ardagh ; illustrated by David Roberts.
260 _aNew York :
260 _bScholastic Inc.
260 _c2003
300 _a145 pages :
300 _billustrations ;
300 _c21 cm.
440 _aUnlikely exploits,
440 _vbk. 2.
650 _aBlack humor.
650 _aBrothers and sisters --
650 _aDeath --
650 _aHumorous stories.
650 _xFiction.
650 _xFiction.
700 _a1060
999 _c298661
_d298661